[Event "BC-WA m"]
[Site "Victoria"]
[Date "2020.01.19"]
[Round "5.8"]
[White "Lehingrat, Callum"]
[Black "Velea, Stephanie"]
[Result "0-1"]
[WhiteElo "1995"]
[BlackElo "1797"]
[PlyCount "96"]
[EventDate "2020.01.17"]
[EventType "team-swiss"]
[EventRounds "5"]
[EventCountry "CAN"]
[WhiteTeam "BC"]
[BlackTeam "WA"]

{[%evp 0,96,20,20,15,20,20,-16,-7,-41,-5,-5,35,10,46,28,21,0,-9,2,-13,-51,-50,
-74,-6,-44,-8,-18,-2,-41,-41,-50,-21,-60,12,-6,-6,-6,26,13,24,1,8,1,7,-7,66,72,
69,69,72,72,77,77,95,67,78,70,88,93,77,57,71,38,62,62,53,51,90,62,62,33,26,26,
33,33,21,39,39,33,80,39,80,17,34,-6,106,-6,85,-208,-239,-377,-259,-564,-550,
-1150,-1176,-1234,-1237]} 1. Nf3 d5 2. d4 Nf6 3. c4 e6 4. g3 Be7 5. Bg2 c6 6.
Qc2 b6 7. O-O O-O 8. Nbd2 Bb7 9. e4 Na6 10. cxd5 cxd5 11. e5 Nb4 12. Qb3 Ne4
13. a3 Nc6 14. Re1 Rc8 15. Bf1 Qd7 16. Bd3 Na5 17. Qa2 Nxd2 18. Bxd2 Nc4 19.
Bf4 a6 20. Qb1 h6 21. h4 Bc6 22. g4 Bb5 23. a4 Bc6 24. b3 Na5 25. Bxa6 Bb7 26.
Bb5 Qd8 27. b4 Nc4 28. g5 h5 29. Qb3 Bc6 30. Bxc6 Rxc6 31. Rec1 Qd7 32. Rc3
Rfc8 33. Rac1 Qb7 34. Kg2 g6 35. b5 R6c7 36. Nd2 Na5 37. Qb2 Rxc3 38. Rxc3 Rc7
39. Qc2 Bd8 40. Nb1 Qc8 41. Bc1 Nc4 42. Kh3 Na5 43. Ba3 Rxc3+ 44. Nxc3 Qc4 45.
Qd2 Qf1+ 46. Kg3 Qg1+ 47. Kf3 Qg4+ 48. Ke3 Nc4+ 0-1

[Event "BC-WA m"]
[Site "Victoria"]
[Date "2020.01.19"]
[Round "5.9"]
[White "Wu, Howard"]
[Black "Velea, Sophie"]
[Result "1/2-1/2"]
[WhiteElo "2112"]
[BlackElo "1850"]
[PlyCount "44"]
[EventDate "2020.01.17"]
[EventType "team-swiss"]
[EventRounds "5"]
[EventCountry "CAN"]
[WhiteTeam "BC"]
[BlackTeam "WA"]

1. e4 c5 2. Nf3 d6 3. Bb5+ Bd7 4. Bxd7+ Qxd7 5. O-O Nf6 6. e5 dxe5 7. Nxe5 Qd8
8. Nc3 g6 9. d3 Bg7 10. Qf3 Nbd7 11. Bf4 Qc8 12. Rfe1 O-O 13. Nxd7 Qxd7 14. Be5
b6 15. Bxf6 Bxf6 16. Nd5 Qd6 17. Nxf6+ exf6 18. Re3 Rae8 19. Rae1 Re5 20. g3
Rfe8 21. c3 Kg7 22. b3 Qd7 1/2-1/2

[Event "BC-WA m"]
[Site "Victoria"]
[Date "2020.01.19"]
[Round "5.10"]
[White "Seshadri, Sridhar"]
[Black "Sardari, Reza"]
[Result "0-1"]
[WhiteElo "1762"]
[BlackElo "2024"]
[PlyCount "78"]
[EventDate "2020.01.17"]
[EventType "team-swiss"]
[EventRounds "5"]
[EventCountry "CAN"]
[WhiteTeam "WA"]
[BlackTeam "BC"]

1. c4 Nf6 2. Nc3 e6 3. e4 d5 4. e5 d4 5. exf6 dxc3 6. bxc3 Qxf6 7. d4 b6 8. Nf3
h6 9. Be2 Bd6 10. a4 O-O 11. Ba3 Bb7 12. Bxd6 cxd6 13. O-O Nc6 14. Nd2 Na5 15.
f3 Rac8 16. Bd3 Rfd8 17. Qe2 d5 18. Rab1 Ba6 19. cxd5 Bxd3 20. Qxd3 exd5 21.
Rfc1 Nc4 22. Re1 Nxd2 23. Qxd2 Rc4 24. Rb4 Qc6 25. Rxc4 Qxc4 26. Re7 Qxa4 27.
Qe1 a5 28. f4 Kf8 29. h3 Re8 30. Re5 f6 31. Re6 Qd7 32. f5 Rxe6 33. fxe6 Qd6
34. Qe2 Ke7 35. Qg4 g5 36. Qh5 Qxe6 37. Qxh6 Kd6 38. Kh2 Kc6 39. Qf8 Qd6+ 0-1